[Event "IECC Swiss email"]
[Site "IECC email"]
[Date "2000.01.10"]
[Round "?"]
[White "Haase, Peter"]
[Black "Tang, Herbert"]
[Result "1/2-1/2"]
[WhiteElo "1306"]
[BlackElo "1222"]
[PlyCount "89"]
[EventDate "2000.??.??"]
[EventType "tourn (corr)"]
[EventRounds "6"]
[SourceTitle "Corr 2008"]
[Source "ChessBase"]
[SourceDate "2008.06.24"]
[SourceVersion "1"]
[SourceVersionDate "2008.06.24"]
[SourceQuality "1"]

1. g4 e5 2. Bg2 d5 3. c4 Nf6 4. Qb3 d4 5. Bxb7 Bxb7 6. Qxb7 Nbd7 7. h3 Bc5 8. Qc6 0-0 9. d3 Bb4+ 10. Bd2 Bc5 11. Nf3 h6 12. Nxe5 Nxe5 13. Qxc5 Re8 14. Na3 a6 15. g5 Nfd7 16. Qxd4 hxg5 17. 0-0-0 c5 18. Qc3 Nc6 19. Nc2 Rxe2 20. Rdg1 f6 21. h4 gxh4 22. Rxh4 Nde5 23. Bh6 Ra7 24. Rg2 Rxf2 25. Rxf2 Nxd3+ 26. Kb1 Nxf2 27. Be3 Ne5 28. b3 Nfd3 29. Rh1 Qb6 30. Rd1 Rd7 31. Ne1 Nb4 32. Rxd7 Nxd7 33. Kb2 a5 34. Nd3 Nc6 35. Nf4 a4 36. Qd3 Nde5 37. Qd5+ Kh7 38. Bxc5 Qb7 39. Qe4+ g6 40. Qh1+ Kg7 41. Ne6+ Kg8 42. Qh6 axb3 43. axb3 Na5 44. Qf8+ Kh7 45. Qe7+ 1/2-1/2